Statistics for Country Flags - Hard

Click here to take the quiz!

General Stats

  • This quiz has been taken 17 times
  • The average score is 9 of 12

Answer Stats

Answer% Correct
Albania
93%
Turkmenistan
93%
Slovakia
87%
Swaziland
80%
Brunei
73%
Guatemala
73%
Liberia
73%
Seychelles
73%
Maldives
67%
Micronesia
67%
Moldova
67%
Marshall Islands
60%

Score Distribution

Percentile by Number Answered

Percent of People with Each Score

Your Score History

You have not taken this quiz